Emigración rural en los estados de Oaxaca, Guerrero y Veracruz /
Збережено в:
| Автор: | |
|---|---|
| Формат: | Текст |
| Предмети: | |
| Теги: |
Додати тег
Немає тегів, Будьте першим, хто поставить тег для цього запису!
|
MARC
| LEADER | 00000 a a2200000 04500 | ||
|---|---|---|---|
| 001 | 3584 | ||
| 003 | |||
| 040 | |||
| 100 | |a Hernández Trujillo, José Manuel | ||
| 245 | |a Emigración rural en los estados de Oaxaca, Guerrero y Veracruz / |c José Manuel Hernández Trujillo | ||
| 500 | |a Resumen también en inglés páginas 1107 | ||
| 650 | |a EMIGRACION | ||
| 650 | |a POBLACION RURAL | ||
| 650 | |a MIGRACION LABORAL | ||
| 650 | |a MEXICO | ||
| 650 | |a POBLACION OCUPADA | ||
| 773 | |g volumen 55, número 12; páginas 1020-1029 | ||
| 999 | |c 26770 |d 26770 | ||
